| 000 | 00848cam a22002774i 4500 | ||
|---|---|---|---|
| 999 |
_c34062 _d34062 |
||
| 001 | 3389 | ||
| 003 | CO-MdFUSB | ||
| 005 | 20181006094251.0 | ||
| 008 | 180227t1999 sp ||||| |||| 00| 0 spa d | ||
| 020 | _a84-8260-062-1 | ||
| 040 |
_aCO-MdFUSB _bspa _cCO-MdFUSB _dCO-MdFUSBC _erda |
||
| 041 | 0 | _aspa | |
| 082 | 0 | 4 |
_aG 227.02 _223 cm _bB957p |
| 100 | 1 |
_aBurgos, Miguel de _eautor |
|
| 245 | 0 |
_aPablo, predicador del evangelio _c/ Miguel de Burgos Núñez |
|
| 264 |
_aSalamanca, España : _bSan Esteban, _c℗[1999] |
||
| 264 | 4 | _c©1999 | |
| 300 |
_a368 páginas ; _c23 cm |
||
| 336 |
_2rdacontent _atexto _btxt |
||
| 337 |
_2rdamedia _asin mediación _bn |
||
| 338 |
_2rdacarrier _avolumen _bnc |
||
| 653 | _aPablo (Apóstol) | ||
| 653 | _aInterpretación de la Biblia N.T. - Literatura paulina | ||
| 942 | _cBK | ||